000 00605nam a2200193Ia 4500
005 20260114185645.0
008 008 260114s9999 xx 000 0 eng d
020 _a9780755621521
037 _aEBOOK
040 _aCRL
_beng
_cCRL
041 _aeng
_2eng
084 _qCRL
100 _aHelen O'Shea
_9872764
245 0 _aIreland and the End of the British Empire The Republic and its Role in the Cyprus Emergency
260 _bBloomsbury
_c2014
856 _uhttps://doi.org/10.5040/9780755621521?locatt=label:secondary_bloomsburyCollections
942 _cEBOOK
999 _c1471712
_d1471712